000 00388nam a2200133 i 4500
001 43605
003 ES-MaACL
005 20230906160835.0
007 t|
008 030318q1917 sp ||||1| spa d
245 0 0 _aCatálogo
_b: ( establecimientos de arboricultura de Vda. e hijos de J. Alsina), nº 24, octubre 1917.
260 _aReus :
_b[s.n.],
_c[1917?]
852 _aES-MaACL
_j1569-F-4
999 _c43605
_d43605